000 00557nam a2200181 a 4500
003 MX-MxUPN
005 20220617132556.0
008 220607t1978 cu |||||r|||| 000 0 spa d
040 _aMX-MxUPN
_bspa
_cMX-MxUPN
041 0 _aspa
050 1 4 _aLB1651 C911
_bC83
110 1 _aCuba.
_bMinisterio de Educación
_928055
245 1 0 _aBiología general 2 :
_bonceno grado : programa
260 _aCiudad de La Habana :
_bEditorial Pueblo y Educación,
_c©1978.
300 _a24 páginas
650 4 _aBiología
_xPlanes y programas
_94660
942 _2lcc
_cLIBRO
999 _c208549
_d208549